<?xml version="1.0" encoding="UTF-8"?>
<record
    xmlns:xsi="http://www.w3.org/2001/XMLSchema-instance"
    xsi:schemaLocation="http://www.loc.gov/MARC21/slim http://www.loc.gov/standards/marcxml/schema/MARC21slim.xsd"
    xmlns="http://www.loc.gov/MARC21/slim">

  <leader>00375nam a22001577a 4500</leader>
  <controlfield tag="005">20241017100643.0</controlfield>
  <controlfield tag="008">241017b        |||||||| |||| 00| 0 eng d</controlfield>
  <datafield tag="020" ind1=" " ind2=" ">
    <subfield code="a">978-93-6109-953-3</subfield>
  </datafield>
  <datafield tag="041" ind1=" " ind2=" ">
    <subfield code="a">eng</subfield>
  </datafield>
  <datafield tag="100" ind1=" " ind2=" ">
    <subfield code="a">Dhumal, K. N. &amp; Others </subfield>
  </datafield>
  <datafield tag="245" ind1=" " ind2=" ">
    <subfield code="a">Applied Aspects of Plant Sciences</subfield>
  </datafield>
  <datafield tag="250" ind1=" " ind2=" ">
    <subfield code="a">1st ed.</subfield>
  </datafield>
  <datafield tag="260" ind1=" " ind2=" ">
    <subfield code="a">Pune</subfield>
    <subfield code="b">Nirali</subfield>
  </datafield>
  <datafield tag="300" ind1=" " ind2=" ">
    <subfield code="a">R.1</subfield>
  </datafield>
  <datafield tag="942" ind1=" " ind2=" ">
    <subfield code="c">BK</subfield>
  </datafield>
  <datafield tag="999" ind1=" " ind2=" ">
    <subfield code="c">359868</subfield>
    <subfield code="d">359868</subfield>
  </datafield>
  <datafield tag="952" ind1=" " ind2=" ">
    <subfield code="0">0</subfield>
    <subfield code="1">0</subfield>
    <subfield code="2">ddc</subfield>
    <subfield code="4">0</subfield>
    <subfield code="7">0</subfield>
    <subfield code="a">SSMM</subfield>
    <subfield code="b">SSMM</subfield>
    <subfield code="d">2024-10-17</subfield>
    <subfield code="e">Nirali</subfield>
    <subfield code="g">110.00</subfield>
    <subfield code="i">P 66232</subfield>
    <subfield code="l">1</subfield>
    <subfield code="p">SSMM-BK-31842</subfield>
    <subfield code="r">2025-11-06 11:50:58</subfield>
    <subfield code="s">2025-11-03</subfield>
    <subfield code="w">2024-10-17</subfield>
    <subfield code="y">BK</subfield>
    <subfield code="z">010031842</subfield>
  </datafield>
  <datafield tag="952" ind1=" " ind2=" ">
    <subfield code="0">0</subfield>
    <subfield code="1">0</subfield>
    <subfield code="2">ddc</subfield>
    <subfield code="4">0</subfield>
    <subfield code="7">0</subfield>
    <subfield code="a">SSMM</subfield>
    <subfield code="b">SSMM</subfield>
    <subfield code="d">2024-10-17</subfield>
    <subfield code="e">Nirali</subfield>
    <subfield code="g">110.00</subfield>
    <subfield code="i">P 66232</subfield>
    <subfield code="p">SSMM-BK-31843</subfield>
    <subfield code="r">2025-08-13 00:00:00</subfield>
    <subfield code="w">2024-10-17</subfield>
    <subfield code="y">BK</subfield>
    <subfield code="z">010031843</subfield>
  </datafield>
  <datafield tag="952" ind1=" " ind2=" ">
    <subfield code="0">0</subfield>
    <subfield code="1">0</subfield>
    <subfield code="2">ddc</subfield>
    <subfield code="4">0</subfield>
    <subfield code="7">0</subfield>
    <subfield code="a">SSMM</subfield>
    <subfield code="b">SSMM</subfield>
    <subfield code="d">2024-10-17</subfield>
    <subfield code="e">Nirali</subfield>
    <subfield code="g">110.00</subfield>
    <subfield code="i">P 66232</subfield>
    <subfield code="l">2</subfield>
    <subfield code="p">SSMM-BK-31844</subfield>
    <subfield code="r">2025-11-26 14:02:52</subfield>
    <subfield code="s">2025-11-25</subfield>
    <subfield code="w">2024-10-17</subfield>
    <subfield code="y">BK</subfield>
    <subfield code="z">010031844</subfield>
  </datafield>
  <datafield tag="952" ind1=" " ind2=" ">
    <subfield code="0">0</subfield>
    <subfield code="1">0</subfield>
    <subfield code="2">ddc</subfield>
    <subfield code="4">0</subfield>
    <subfield code="7">0</subfield>
    <subfield code="a">SSMM</subfield>
    <subfield code="b">SSMM</subfield>
    <subfield code="d">2024-10-17</subfield>
    <subfield code="e">Nirali</subfield>
    <subfield code="g">110.00</subfield>
    <subfield code="i">P 66232</subfield>
    <subfield code="l">5</subfield>
    <subfield code="p">SSMM-BK-31845</subfield>
    <subfield code="r">2025-11-26 14:02:45</subfield>
    <subfield code="s">2025-11-25</subfield>
    <subfield code="w">2024-10-17</subfield>
    <subfield code="y">BK</subfield>
    <subfield code="z">010031845</subfield>
  </datafield>
</record>
